| 000 | 00658nam a2200217 a 4500 | ||
|---|---|---|---|
| 003 | OSt | ||
| 005 | 20240226100045.0 | ||
| 008 | 180226t2001 pk | |||| 00| 0 urd d | ||
| 020 | _a9789693512786 | ||
| 040 | _c0 | ||
| 082 |
_a302.15 _bSAL 2001 |
||
| 100 | 1 | 0 |
_aسليم اختر،ڈاکٹر _9121287 |
| 245 | 1 | 0 |
_aخودشناسی _cDr Saleem Akhtar. |
| 246 | _aKhud Shanasi | ||
| 260 |
_aLahore: _bSang e Meel Pub; _c2001. |
||
| 300 | _a232 p. | ||
| 650 |
_aNafsiyat _9121288 |
||
| 650 |
_aMoashari Nafsiyat _9121289 |
||
| 942 |
_2ddc _cBK _aSADA _k302.15 SAL 2001 |
||
| 999 |
_c608132 _d608132 |
||